000
00366nam a2200157Ia 4500
008
180207s9999 xx 000 0 und d
020
_a
9781883772154
050
_b
I111 2000
245
_a
I am Sam /
260
_a
Mexico :
260
_b
Flying Rhinoceros, Inc.,
260
_c
2000
300
_a
31 pages :
300
_b
color illustration ;
300
_c
28cm.
999
_c
355438
_d
355438